Alle MotoGP/500cc Weltmeister - Statistiken

Allgemein
  • Dieses Quiz wurde 22 mal gespielt
  • Das Durchschnittsergebnis liegt bei 43 aus 77
Antwortstatistiken
Hint Antwort % Korrekt
2013 Marc Márquez
100%
2014 Marc Márquez
100%
2016 Marc Márquez
100%
2017 Marc Márquez
100%
2018 Marc Márquez
100%
2019 Marc Márquez
100%
2025 Marc Márquez
100%
2001 Valentino Rossi
100%
2002 Valentino Rossi
100%
2003 Valentino Rossi
100%
2004 Valentino Rossi
100%
2005 Valentino Rossi
100%
2008 Valentino Rossi
100%
2009 Valentino Rossi
100%
2007 Casey Stoner
85%
2011 Casey Stoner
85%
2010 Jorge Lorenzo
85%
2012 Jorge Lorenzo
85%
2015 Jorge Lorenzo
85%
2022 Francesco Bagnaia
75%
2023 Francesco Bagnaia
75%
2020 Joan Mir
75%
2021 Fabio Quartararo
70%
1994 Mick Doohan
70%
1995 Mick Doohan
70%
1996 Mick Doohan
70%
1997 Mick Doohan
70%
1998 Mick Doohan
70%
2024 Jorge Martin
65%
2006 Nicky Hayden
65%
1966 Giacomo Agostini
60%
1967 Giacomo Agostini
60%
1968 Giacomo Agostini
60%
1969 Giacomo Agostini
60%
1970 Giacomo Agostini
60%
1971 Giacomo Agostini
60%
1972 Giacomo Agostini
60%
1975 Giacomo Agostini
60%
2000 Kenny Roberts Jr.
55%
1978 Kenny Roberts Sr.
55%
1979 Kenny Roberts Sr.
55%
1980 Kenny Roberts Sr.
55%
1993 Kevin Schwantz
50%
1999 Àlex Crivillé
40%
1984 Eddie Lawson
35%
1986 Eddie Lawson
35%
1988 Eddie Lawson
35%
1989 Eddie Lawson
35%
1962 Mike Hailwood
35%
1963 Mike Hailwood
35%
1964 Mike Hailwood
35%
1965 Mike Hailwood
35%
1983 Freddie Spencer
30%
1985 Freddie Spencer
30%
1956 John Surtees
30%
1958 John Surtees
30%
1959 John Surtees
30%
1960 John Surtees
30%
1973 Phil Read
30%
1974 Phil Read
30%
1987 Wayne Gardner
30%
1990 Wayne Rainey
30%
1991 Wayne Rainey
30%
1992 Wayne Rainey
30%
1951 Geoff Duke
25%
1953 Geoff Duke
25%
1954 Geoff Duke
25%
1955 Geoff Duke
25%
1950 Umberto Masetti
20%
1952 Umberto Masetti
20%
1976 Barry Sheene
15%
1977 Barry Sheene
15%
1982 Franco Uncini
15%
1949 Leslie Graham
15%
1957 Libero Liberati
15%
1961 Gary Hocking
10%
1981 Marco Lucchinelli
10%
Keine übereinstimmenden Quizze gefunden
Verteilung der Resultate
Anzahl Personen mit jedem Resultat
Perzentil nach korrekt beantworteten Fragen
Ihre Resultats-Entwicklung
Sie haben dieses Quiz noch nicht gespielt